Регионална библиотека "Любен Каравелов" - Русе

Цената на златото | Завръщане (Запис номер 69945)

MARC детайли
000 -Лидер
Контролно поле с фиксирана дължина 01606nam a2200361 c 4500
003 - Код на организацията, давaща контролен номер
Контролно поле BLK
005 - Дата и час на последна редакция
Контролно поле 20240418124849.0
008 - Елементи от данни с фиксирана дължина
fixed length control field 180408b bul|||||r ||||||| ||bul||
010 ## - Наследен системен номер
LC control number KNG00074298000
020 ## - Международен стандартен номер на книга ISBN
Международен стандартен номер на книга ISBN 954-739-602-1
-- издат.: Захарий Стоянов
040 ## - Източник на каталожния запис
Идентификатор на билиотеката - собственик на записа BLK
041 ## - Код за език
Код за езика на текст/звукозапис или на отделно заглавие Български
Код за езика КДБФ Български
080 ## - УДК
Текстов определител УДК Българска литература
УДК код - определител по УДК 821.163.2
УДК определител -31
УДК - код + определител 821.163.2-31
100 1# - Редна дума - Автор
Автор Стоев, Генчо Динев
Авторска отговорност първи автор
R(LIN) 253948
139 ## - Редно поле
Редна дума Стоев, Генчо Динев
Авторски знак Сто - С 77
245 10 - Сведения за заглавието
Заглавие Цената на златото
Редно поле (дума) Генчо Динев Стоев; състав. Иван Гранитски.
245 10 - Сведения за заглавието
Заглавие Завръщане
Подзаглавни данни
Редно поле (дума)
250 ## - Област на изданието
Сведения за изданието 5. изд.
257 ## - Страна на издаване
Страна на създаване/издаване България
260 ## - Област на издателските данни
-- София
Име на издателя, разпространителя и проч. Захарий Стоянов
Година на издаване 2006
300 ## - Физическа характеристика
Страници 372 с.
Размери/Мащаб 20 см
380 ## - Жанр
Жанр Худож. лит.
490 1# - СЕРИИ (Колекции)
Име на серия Поредица Българска класика
№: серия 96
500 ## - Общи забележки
Забележка 1. изд. 1977 на изд. Хр. Г. Данов. - Съдържа и Думи на Генчо Стоев / Ив. Цветков, К. Куюмджиев, П. Тотев, С. Игов.
653 ## - Ключова дума – ненормативна
Ключова дума романи
700 1# - Други автори (авторска отговорност)
Лично име Гранитски, Иван
Пълна форма на името Димитров, Иван Йорданов
Дати, свързани с автора 1953-
Друга информация Журналист, литературен критик, теоретик и историк, поет, публицист и издател.
Автороска отговорност (Описва отношението между автора и произведението) състав.
9 (RLIN) 55767
852 ## - Местоположение
Форматна сигнатура Цб 233380
856 4# - Електронен адрес и достъп
Електронен формат pdf - файл
Път до файла /url/
856 4# - Електронен адрес и достъп
Електронен формат pdf - файл
Път до файла /url/
942 ## - АРТИКУЛИ
Вид на библиотечния материал Книги
Скрит в OPAC Не
Koha issues (borrowed), all copies 5
944 ## - СЪЗДАВАНЕ И РЕДАКЦИЯ на ЗАПИСА
Създаване/Редакция Създаване
Дата на регистрацията/редакция 20.04.2007
Статус, дата на статуса Минев Младен
Служител, извършил регистрацията/редакцията 30530
944 ## - СЪЗДАВАНЕ И РЕДАКЦИЯ на ЗАПИСА
Създаване/Редакция Редакция
Дата на регистрацията/редакция 15.10.2012
Статус, дата на статуса ф /
Служител, извършил регистрацията/редакцията
999 ## - СИСТЕМНИ КОНТРОЛНИ НОМЕРА
Koha biblionumber 69945
Koha biblioitemnumber 69945
Наличности
Код за отписване Код за изгубен артикул Код за повреда Коз за рестрикции Код за отдаване Артикулен № Име на библиотеката - собственик Име на библиотеката, в която се намира в момента Статус (Текущо местоположение) Дата на вписване в системата Местоположение - отдел Цена в лева Инвентарен номер Систематично азбучна сигнатура Баркод Номер на екземпляра Цена в евро Служебна бележка Служебен тип на артикула
  Не е изгубен Не е повреден без рестрикции ползва се в читалня 114535 Регионална библиотека "Любен Каравелов" Русе Регионална библиотека "Любен Каравелов" Русе Хранилище 2007-04-23 Хранилище 6.00 120000712759 Цб 233380 120000712759 1 3.07 Дост: Dp Вид: Д N: 42 Дата: 20.09.2006 Книги
  Не е изгубен Не е повреден без рестрикции заемане за дома 114536 Регионална библиотека "Любен Каравелов" Русе Регионална библиотека "Любен Каравелов" Русе Заемна - подръчен фонд 2012-05-30 Заемна - подръчен фонд 6.00 120000757949 П 886-31/С 77 120000757949 2 3.07 Дост: DA Вид: А N: 8 Дата: 28.05.2012 Дата инв: 12.02.2018 Бележки инв: П2018 Книги
Vip Innovations Ltd, Rousse, Bulgaria 2025